000 00438nam a2200145 i 4500
001 46231
003 ES-MaACL
007 t|
008 030328s1953 sp ||||1| spa d
100 1 _aCombeller, F.
_939966
245 1 0 _aMetales ligeros
_b: (aluminio y sus aleaciones) /
_cF. Combeller.
260 _aBarcelona :
_bSerrahima y Urpi,
_c1953.
300 _a293 p., 2 gráf. pleg. :
_bil. ;
_c22 cm.
852 _aES-MaACL
_jC-5820
_bR.35261
999 _c46231
_d46231